| 000 | 00360 a2200133 4500 | ||
|---|---|---|---|
| 005 | 20250612130842.0 | ||
| 020 | _a0-08-021152-6 | ||
| 082 | _aLECT 658.311 SHO | ||
| 245 | _aSHOUKSMITH, G. | ||
| 250 | _a2nd Ed. | ||
| 260 |
_aOxford, _bPergamon Press, _c1978. |
||
| 300 |
_aviii, 149.: ill.; figure, table. _bBibliography & index. _c21cm. |
||
| 942 |
_2ddc _cBKS |
||
| 999 |
_c3866 _d3866 |
||